[Event "HUN-chT2 Barcza 1718"]
[Site "Hungary"]
[Date "2017.10.08"]
[Round "2.2"]
[White "Ligart, Tamas"]
[Black "Horvath, Karoly"]
[Result "0-1"]
[WhiteElo "2204"]
[BlackElo "2172"]
[PlyCount "94"]
[EventDate "2017.09.24"]
[EventType "team-tourn"]
[EventRounds "11"]
[EventCountry "HUN"]
[SourceTitle "EXT 2021"]
[Source "ChessBase"]
[SourceDate "2020.10.23"]
[SourceVersion "1"]
[SourceVersionDate "2020.10.23"]
[SourceQuality "1"]
[WhiteTeam "Edeleny"]
[BlackTeam "Debrecen Sakkbaratok"]
[WhiteTeamCountry "HUN"]
[BlackTeamCountry "HUN"]

1. e4 d6 2. d4 Nf6 3. Nc3 e5 4. Nge2 exd4 5. Nxd4 Be7 6. g3 0-0 7. Bg2 Re8 8. 0-0 Nbd7 9. h3 Bf8 10. g4 Nc5 11. Re1 g6 12. Bf4 Nfd7 13. Nb3 Nxb3 14. axb3 Bg7 15. Qd2 Nb6 16. Rad1 Qe7 17. Bg5 f6 18. Be3 Be6 19. f4 Rad8 20. Nd5 Qf7 21. c4 Nc8 22. Bd4 c6 23. Nc3 Qf8 24. Qf2 b6 25. f5 Bd7 26. Ne2 g5 27. Bc3 c5 28. h4 Bh6 29. Bd2 Qg7 30. Ng3 Kh8 31. Nh5 Qf8 32. Bc3 Re5 33. Bxe5 dxe5 34. Rd3 Bc6 35. Red1 Rd4 36. Ng3 gxh4 37. Ne2 Bg5 38. Nxd4 cxd4 39. Kh1 a5 40. Rh3 Nd6 41. Rxh4 Nxe4 42. Bxe4 Bxe4+ 43. Kh2 Bf4+ 44. Kh3 Qb4 45. Rd3 Bxd3 46. Qf3 Bf1+ 47. Qxf1 Qxb3+ 0-1

[Event "HUN-chT2 Barcza 1516"]
[Site "Hungary"]
[Date "2016.04.03"]
[Round "10.5"]
[White "Horvath, Peter"]
[Black "Horvath, Karoly"]
[Result "0-1"]
[WhiteElo "1860"]
[BlackElo "2151"]
[PlyCount "72"]
[EventDate "2015.09.13"]
[EventType "team-tourn"]
[EventRounds "11"]
[EventCountry "HUN"]
[SourceTitle "EXT 2017"]
[Source "ChessBase"]
[SourceDate "2016.10.25"]
[SourceVersion "1"]
[SourceVersionDate "2016.10.25"]
[SourceQuality "1"]
[WhiteTeam "SSASSE"]
[BlackTeam "Debrecen Sakkbaratok"]
[WhiteTeamCountry "HUN"]
[BlackTeamCountry "HUN"]

1. c4 e5 2. g3 d6 3. Bg2 f5 4. d4 Be7 5. dxe5 dxe5 6. Qxd8+ Bxd8 7. Nc3 c6 8. e4 Nf6 9. Nf3 Bc7 10. exf5 Bxf5 11. 0-0 Nbd7 12. Re1 0-0 13. b4 Bd3 14. Nd2 Nb6 15. Bf1 Bxf1 16. Rxf1 Rad8 17. c5 Nbd5 18. Nxd5 Rxd5 19. Re1 Rd4 20. a3 e4 21. Nf1 Ng4 22. Ra2 Ne5 23. Nd2 Rfd8 24. Rxe4 Rxe4 25. Nxe4 Rd1+ 26. Kg2 Rxc1 27. Nd6 Bxd6 28. cxd6 Re1 29. Rc2 Kf7 30. b5 Ke8 31. bxc6 Nxc6 32. Rd2 Kd7 33. Rd5 Re5 34. Rd3 Re6 35. Rb3 b6 36. Rf3 Kxd6 0-1

[Event "HUN-chT2 Barcza 1516"]
[Site "Hungary"]
[Date "2016.02.28"]
[Round "8.6"]
[White "Horvath, Karoly"]
[Black "Pribelszky, Bence"]
[Result "1-0"]
[WhiteElo "2141"]
[BlackElo "2123"]
[PlyCount "73"]
[EventDate "2015.09.13"]
[EventType "team-tourn"]
[EventRounds "11"]
[EventCountry "HUN"]
[SourceTitle "EXT 2017"]
[Source "ChessBase"]
[SourceDate "2016.10.25"]
[SourceVersion "1"]
[SourceVersionDate "2016.10.25"]
[SourceQuality "1"]
[WhiteTeam "Debrecen Sakkbaratok"]
[BlackTeam "Miskolc KisBocsok"]
[WhiteTeamCountry "HUN"]
[BlackTeamCountry "HUN"]

1. Nf3 Nf6 2. b3 d5 3. e3 Bg4 4. Bb2 Nbd7 5. d4 e6 6. Nbd2 Bd6 7. Be2 0-0 8. 0-0 c6 9. c4 Qe7 10. h3 Bh5 11. Ne5 Bxe2 12. Qxe2 Bxe5 13. dxe5 Ne8 14. a4 Nc7 15. a5 Rfe8 16. Nf3 f6 17. Qc2 fxe5 18. Nxe5 Nxe5 19. Bxe5 Na6 20. Rac1 Nb8 21. cxd5 exd5 22. Bd4 a6 23. f4 Nd7 24. b4 Nf6 25. f5 Ne4 26. Rf4 Rf8 27. Rcf1 Rf7 28. Rg4 Raf8 29. Qb2 g6 30. f6 Nxf6 31. Bc5 Nxg4 32. Rxf7 Qxf7 33. Bxf8 Nxe3 34. Bh6 Qf1+ 35. Kh2 Nf5 36. Qf6 Qd1 37. Qf8# 1-0

[Event "HUN-chT2 Barcza 1516"]
[Site "Hungary"]
[Date "2016.02.14"]
[Round "7.6"]
[White "Horvath, Karoly"]
[Black "Gorbe, Szabolcs"]
[Result "1-0"]
[WhiteElo "2141"]
[BlackElo "1909"]
[PlyCount "81"]
[EventDate "2015.09.13"]
[EventType "team-tourn"]
[EventRounds "11"]
[EventCountry "HUN"]
[SourceTitle "EXT 2017"]
[Source "ChessBase"]
[SourceDate "2016.10.25"]
[SourceVersion "1"]
[SourceVersionDate "2016.10.25"]
[SourceQuality "1"]
[WhiteTeam "Debrecen Sakkbaratok"]
[BlackTeam "Nyiregyhaza"]
[WhiteTeamCountry "HUN"]
[BlackTeamCountry "HUN"]

1. e4 e5 2. Nf3 Nf6 3. d3 d5 4. exd5 Qxd5 5. Nc3 Bb4 6. Bd2 Bxc3 7. Bxc3 Nc6 8. Be2 Be6 9. 0-0 0-0-0 10. Re1 Nd7 11. Ng5 Rhe8 12. Bf3 Qd6 13. b4 Nd4 14. Bxd4 exd4 15. Rxe6 Rxe6 16. Nxf7 Qe7 17. Nxd8 Kxd8 18. b5 Nc5 19. g3 Na4 20. Qd2 Nc3 21. Kf1 Qf7 22. Qg5+ Qf6 23. Qxf6+ Rxf6 24. Bxb7 Nxb5 25. Be4 Nc3 26. Bxh7 Rh6 27. Bg8 Rxh2 28. Kg1 Rh6 29. Bc4 Kd7 30. Re1 c6 31. Re5 Rf6 32. Ra5 Nd1 33. Rxa7+ Kd6 34. Rf7 Rg6 35. a4 Rg5 36. Rf4 Nc3 37. Rxd4+ Kc5 38. Rd8 Nxa4 39. Bb3 Nb6 40. Kg2 Re5 41. d4+ 1-0

[Event "HUN-chT2 Barcza 1516"]
[Site "Hungary"]
[Date "2015.09.13"]
[Round "1.6"]
[White "Horvath, Karoly"]
[Black "Magi, Tibor"]
[Result "1-0"]
[WhiteElo "2162"]
[BlackElo "1910"]
[PlyCount "105"]
[EventDate "2015.09.13"]
[EventType "team-tourn"]
[EventRounds "11"]
[EventCountry "HUN"]
[SourceTitle "CBM 170 Extra"]
[Source "ChessBase"]
[SourceDate "2016.02.25"]
[SourceVersion "1"]
[SourceVersionDate "2016.02.25"]
[SourceQuality "1"]
[WhiteTeam "Debrecen Sakkbaratok"]
[BlackTeam "Nadudvar"]
[WhiteTeamCountry "HUN"]
[BlackTeamCountry "HUN"]

1. d4 e6 2. Nf3 b6 3. e4 Bb7 4. Bd3 Ne7 5. Bg5 d6 6. 0-0 Qd7 7. Qe2 a5 8. Bb5 c6 9. Bd3 Na6 10. a3 Ng6 11. Nbd2 Be7 12. Be3 Qd8 13. d5 Nc5 14. dxe6 Nxe6 15. g3 Nc5 16. Bc4 0-0 17. Rad1 Nd7 18. Nd4 b5 19. Ba2 Qc8 20. Nf5 Qc7 21. Nxe7+ Nxe7 22. f4 d5 23. e5 c5 24. c3 Qc6 25. Bb1 Rae8 26. Qh5 f5 27. Qf3 Ng6 28. Nb3 a4 29. Na5 Qa6 30. Nxb7 Qxb7 31. Qxd5+ Qxd5 32. Rxd5 Nb6 33. Rxc5 Kh8 34. Rxb5 Nc4 35. Bc1 Rb8 36. Rb4 Rxb4 37. axb4 Ra8 38. Rd1 Ne7 39. Rd7 Re8 40. Ba2 Nb6 41. Rd6 Nbc8 42. Rd1 g6 43. Be3 Nc6 44. b5 Na5 45. b6 Ne7 46. Rd7 Nec6 47. e6 h6 48. Bd5 Kg8 49. b7 Kf8 50. Bc5+ Kg8 51. e7+ Kg7 52. Rd8 Rxd8 53. exd8Q 1-0

[Event "HUN-chT2 Barcza 1415"]
[Site "Hungary"]
[Date "2014.11.30"]
[Round "5.9"]
[White "Simon, Attila"]
[Black "Horvath, Karoly"]
[Result "0-1"]
[WhiteElo "1846"]
[BlackElo "2128"]
[PlyCount "34"]
[EventDate "2014.09.07"]
[EventType "team-tourn"]
[EventRounds "11"]
[EventCountry "HUN"]
[SourceTitle "EXT 2016"]
[Source "ChessBase"]
[SourceDate "2015.10.08"]
[SourceVersion "1"]
[SourceVersionDate "2015.10.08"]
[SourceQuality "1"]
[WhiteTeam "Mezokovesd"]
[BlackTeam "Debrecen Sakkbaratok"]
[WhiteTeamCountry "HUN"]
[BlackTeamCountry "HUN"]

1. e4 Nc6 2. Nf3 d5 3. exd5 Qxd5 4. Nc3 Qa5 5. d4 Bg4 6. Bc4 e6 7. Be3 0-0-0 8. 0-0 Nf6 9. Ne2 Bxf3 10. gxf3 Qh5 11. Nf4 Qh4 12. Ng2 Qh5 13. Nf4 Qg5+ 14. Kh1 Bd6 15. Ng2 Qh5 16. f4 Ng4 17. h4 Be7 0-1

[Event "HUN-chT2 Maroczy 1314"]
[Site "Hungary"]
[Date "2013.10.20"]
[Round "3"]
[White "Kaposztas, Miklos"]
[Black "Horvath, Karoly"]
[Result "1/2-1/2"]
[WhiteElo "2171"]
[BlackElo "2150"]
[PlyCount "69"]
[EventDate "2013.09.08"]
[EventType "team-tourn"]
[EventRounds "11"]
[EventCountry "HUN"]
[SourceTitle "EXT 2016"]
[Source "ChessBase"]
[SourceDate "2015.10.08"]
[SourceVersion "1"]
[SourceVersionDate "2015.10.08"]
[SourceQuality "1"]
[WhiteTeam "Budapest Vasas"]
[BlackTeam "Debrecen SBK"]
[WhiteTeamCountry "HUN"]
[BlackTeamCountry "HUN"]

1. d4 Nc6 2. Nf3 d5 3. g3 Bf5 4. Bg2 Nb4 5. Na3 Nf6 6. c3 Na6 7. Nh4 Be4 8. f3 Bg6 9. Qb3 Qc8 10. Nxg6 hxg6 11. c4 e6 12. c5 c6 13. 0-0 Be7 14. Bd2 Nd7 15. Rac1 Nc7 16. e4 0-0 17. Qd3 a5 18. e5 Qb8 19. Nc2 Qa7 20. a3 a4 21. Nb4 Na6 22. f4 Nxb4 23. Bxb4 Qa6 24. Qd2 Rab8 25. Rf2 b6 26. Bf1 Qb7 27. cxb6 Bxb4 28. Qxb4 Nxb6 29. Rfc2 Nc4 30. Qxb7 Rxb7 31. Bxc4 dxc4 32. Rb1 Rfb8 33. Rxc4 Rxb2 34. Rxb2 Rxb2 35. Rxa4 1/2-1/2

[Event "HUN-chT2 Maroczy 1314"]
[Site "Hungary"]
[Date "2013.09.08"]
[Round "1"]
[White "Kelemen, David"]
[Black "Horvath, Karoly"]
[Result "1-0"]
[WhiteElo "1792"]
[BlackElo "2150"]
[PlyCount "103"]
[EventDate "2013.09.08"]
[EventType "team-tourn"]
[EventRounds "11"]
[EventCountry "HUN"]
[SourceTitle "EXT 2016"]
[Source "ChessBase"]
[SourceDate "2015.10.08"]
[SourceVersion "1"]
[SourceVersionDate "2015.10.08"]
[SourceQuality "1"]
[WhiteTeam "Mako II"]
[BlackTeam "Debrecen SBK"]
[WhiteTeamCountry "HUN"]
[BlackTeamCountry "HUN"]

1. e4 e5 2. Nf3 d5 3. exd5 Bd6 4. d4 e4 5. Ne5 Nf6 6. Bb5+ Bd7 7. Nxd7 Nbxd7 8. Bxd7+ Qxd7 9. c4 0-0 10. Nc3 Rfe8 11. 0-0 a6 12. Re1 Qf5 13. h3 h5 14. Qc2 h4 15. Qd2 c5 16. dxc6 bxc6 17. Qg5 Qxg5 18. Bxg5 Nh7 19. Bxh4 f5 20. Bg3 f4 21. Bh2 Nf6 22. Re2 Re7 23. Rae1 Rae8 24. a3 g5 25. Rd2 Kf7 26. c5 Bb8 27. d5 cxd5 28. Nxd5 Rd7 29. Nxf6 Rxd2 30. Nxe8 Kxe8 31. h4 Kf7 32. hxg5 Kg6 33. b4 Be5 34. Kf1 Rd4 35. Rc1 Kxg5 36. c6 Bc7 37. Rc5+ Kg4 38. Ke2 Rd8 39. f3+ exf3+ 40. gxf3+ Kh3 41. Bg1 Re8+ 42. Kf1 Kg3 43. Rc3 Rd8 44. Bf2+ Kh3 45. Rc5 Rh8 46. a4 Bd6 47. Rd5 Rh6 48. b5 axb5 49. axb5 Bc7 50. Rd7 Ba5 51. c7 Rh8 52. c8Q 1-0

[Event "HUN-chT2 Maroczy 1213"]
[Site "Hungary"]
[Date "2013.02.17"]
[Round "7"]
[White "Horvath, Karoly"]
[Black "Ruboczki, Tibor"]
[Result "1/2-1/2"]
[WhiteElo "2154"]
[BlackElo "2049"]
[PlyCount "61"]
[EventDate "2012.09.16"]
[EventType "team-tourn"]
[EventRounds "11"]
[EventCountry "HUN"]
[SourceTitle "EXT 2014"]
[Source "ChessBase"]
[SourceDate "2013.11.20"]
[SourceVersion "1"]
[SourceVersionDate "2013.11.20"]
[SourceQuality "1"]
[WhiteTeam "Debrecen"]
[BlackTeam "Kisvarda"]
[WhiteTeamCountry "HUN"]
[BlackTeamCountry "HUN"]

1. e4 e6 2. d4 d5 3. Nc3 Nf6 4. Bg5 dxe4 5. Nxe4 Be7 6. Bxf6 Bxf6 7. Nf3 Bd7 8. Bd3 Bc6 9. c3 Nd7 10. 0-0 Bxe4 11. Bxe4 c6 12. Qe2 0-0 13. Rad1 Qc7 14. Rfe1 Rad8 15. Bc2 g6 16. h4 Qf4 17. g3 Qg4 18. Ng5 Qxe2 19. Rxe2 Bxg5 20. hxg5 Nb6 21. Kg2 Rd7 22. Bb3 Rfd8 23. Rde1 Kg7 24. f4 Nd5 25. Kf3 Ne7 26. g4 Rc7 27. Rh1 c5 28. Reh2 Rh8 29. dxc5 Rxc5 30. Rd1 Rhc8 31. Rd7 1/2-1/2

[Event "HUN-chT2 Maroczy 1213"]
[Site "Hungary"]
[Date "2013.01.27"]
[Round "6"]
[White "Olah, Gabor Mihaly"]
[Black "Horvath, Karoly"]
[Result "1/2-1/2"]
[WhiteElo "2017"]
[BlackElo "2154"]
[PlyCount "74"]
[EventDate "2012.09.16"]
[EventType "team-tourn"]
[EventRounds "11"]
[EventCountry "HUN"]
[SourceTitle "EXT 2014"]
[Source "ChessBase"]
[SourceDate "2013.11.20"]
[SourceVersion "1"]
[SourceVersionDate "2013.11.20"]
[SourceQuality "1"]
[WhiteTeam "Oroshaza"]
[BlackTeam "Debrecen"]
[WhiteTeamCountry "HUN"]
[BlackTeamCountry "HUN"]

1. d4 Nf6 2. c4 Nc6 3. Nf3 e6 4. a3 d6 5. Nc3 g6 6. g3 Bg7 7. Bg2 0-0 8. 0-0 e5 9. d5 Ne7 10. e4 h6 11. Ne1 Bg4 12. f3 Bd7 13. Be3 g5 14. Qd2 Ng6 15. Nd3 a6 16. b4 Nh5 17. c5 f5 18. cxd6 cxd6 19. exf5 Bxf5 20. Ne4 Nf6 21. Ndf2 Rc8 22. Rac1 Qe7 23. Nxf6+ Bxf6 24. Ne4 Rfe8 25. a4 Bd7 26. Qa2 Bg7 27. Bb6 Rxc1 28. Rxc1 Rc8 29. Rxc8+ Bxc8 30. Qc2 Bf5 31. Qc7 Bf8 32. Qxe7 Nxe7 33. Nxd6 Nxd5 34. Bc5 b6 35. Nxf5 bxc5 36. bxc5 Bxc5+ 37. Kf1 Ne3+ 1/2-1/2

[Event "HUN-chT2 Barcza 1112 "]
[Site "Hungary"]
[Date "2012.04.22"]
[Round "9"]
[White "Horvath, Karoly"]
[Black "Barabas, Tibor"]
[Result "1/2-1/2"]
[WhiteElo "2188"]
[BlackElo "2083"]
[PlyCount "32"]
[EventDate "2011.09.25"]
[EventType "team-tourn"]
[EventRounds "11"]
[EventCountry "HUN"]
[SourceTitle "EXT 2013"]
[Source "ChessBase"]
[SourceDate "2012.11.22"]
[SourceVersion "1"]
[SourceVersionDate "2012.11.22"]
[SourceQuality "1"]
[WhiteTeam "Debrecen Sakkbaratok"]
[BlackTeam "Mezokovesd"]
[WhiteTeamCountry "HUN"]
[BlackTeamCountry "HUN"]

1. e4 c5 2. c3 d5 3. exd5 Qxd5 4. d4 e5 5. Be3 cxd4 6. cxd4 Nc6 7. Nc3 Bb4 8. Qd2 Bxc3 9. bxc3 exd4 10. Bxd4 Nxd4 11. Qxd4 Qxd4 12. cxd4 Nf6 13. Bb5+ Bd7 14. Bxd7+ Nxd7 15. Nf3 0-0-0 16. 0-0 f6 1/2-1/2

[Event "HUN-chT2 Maroczy 1011"]
[Site "Hungary"]
[Date "2011.03.27"]
[Round "7"]
[White "Sarosi, Zoltan"]
[Black "Horvath, Karoly"]
[Result "1-0"]
[WhiteElo "2320"]
[BlackElo "2188"]
[PlyCount "59"]
[EventDate "2010.09.12"]
[EventType "team-tourn"]
[EventRounds "11"]
[EventCountry "HUN"]
[SourceTitle "EXT 2012"]
[Source "ChessBase"]
[SourceDate "2011.11.24"]
[SourceVersion "1"]
[SourceVersionDate "2011.11.24"]
[SourceQuality "1"]
[WhiteTeam "TLSE"]
[BlackTeam "Debrecen SBE"]
[WhiteTeamCountry "HUN"]
[BlackTeamCountry "HUN"]

1. d4 d5 2. c4 dxc4 3. Nf3 a6 4. e4 b5 5. a4 Bb7 6. Nc3 b4 7. Bxc4 e6 8. Qb3 Nc6 9. a5 bxc3 10. Qxb7 Nb4 11. 0-0 Rb8 12. Bxa6 Rxb7 13. Bxb7 Qb8 14. bxc3 Qxb7 15. cxb4 Nf6 16. Bf4 Nxe4 17. a6 Qa8 18. Bxc7 Bd6 19. Rfc1 f6 20. b5 Kd7 21. b6 Rb8 22. Bxb8 Bxb8 23. a7 Nd6 24. axb8Q Qxb8 25. Ra7+ Ke8 26. Rc6 Nc8 27. Rxg7 Kf8 28. Rxh7 Kg8 29. b7 Na7 30. Rcc7 1-0

[Event "HUN-chT2 Maroczy 1011"]
[Site "Hungary"]
[Date "2010.10.24"]
[Round "4"]
[White "Paschall, William M"]
[Black "Horvath, Karoly"]
[Result "1-0"]
[WhiteElo "2384"]
[BlackElo "2188"]
[PlyCount "60"]
[EventDate "2010.09.12"]
[EventType "team-tourn"]
[EventRounds "11"]
[EventCountry "HUN"]
[SourceTitle "EXT 2012"]
[Source "ChessBase"]
[SourceDate "2011.11.24"]
[SourceVersion "1"]
[SourceVersionDate "2011.11.24"]
[SourceQuality "1"]
[WhiteTeam "Lila Futo"]
[BlackTeam "Debrecen SBE"]
[WhiteTeamCountry "HUN"]
[BlackTeamCountry "HUN"]

1. g3 e5 2. Nf3 Nc6 3. d3 h5 4. c4 h4 5. Nxh4 Rxh4 6. gxh4 Qxh4 7. Nc3 Nf6 8. e3 Ng4 9. Qf3 Nb4 10. Rb1 d5 11. h3 Nf6 12. cxd5 Bd7 13. a3 Na6 14. Qg3 Qxg3 15. fxg3 0-0-0 16. b4 c6 17. dxc6 Bxc6 18. Rh2 Nc7 19. e4 Ne6 20. Be2 Nd4 21. Rf2 Kb8 22. g4 Be8 23. g5 Nd7 24. Nd5 Nb6 25. Nxb6 axb6 26. Bh5 Bb5 27. Be3 Bxd3 28. Rd1 Bxe4 29. Bxd4 exd4 30. Rf4 Bc2 1-0

[Event "HUN-chT2 Maroczy 1011"]
[Site "Hungary"]
[Date "2010.10.10"]
[Round "3"]
[White "Horvath, Karoly"]
[Black "Emodi, Gyula"]
[Result "0-1"]
[WhiteElo "2188"]
[BlackElo "2264"]
[PlyCount "116"]
[EventDate "2010.09.12"]
[EventType "team-tourn"]
[EventRounds "11"]
[EventCountry "HUN"]
[SourceTitle "EXT 2012"]
[Source "ChessBase"]
[SourceDate "2011.11.24"]
[SourceVersion "1"]
[SourceVersionDate "2011.11.24"]
[SourceQuality "1"]
[WhiteTeam "Debrecen SBE"]
[BlackTeam "Penzugyor II"]
[WhiteTeamCountry "HUN"]
[BlackTeamCountry "HUN"]

1. e4 e5 2. Nf3 d6 3. d4 exd4 4. Qxd4 Nc6 5. Bb5 Bd7 6. Bxc6 Bxc6 7. Nc3 Nf6 8. Bg5 Be7 9. 0-0-0 0-0 10. Rhe1 Ng4 11. Bxe7 Qxe7 12. Nd5 Bxd5 13. exd5 Qd7 14. h3 Nf6 15. g4 Rfe8 16. Nh4 Rxe1 17. Rxe1 Re8 18. Kd1 c5 19. Qd3 Rxe1+ 20. Kxe1 Qe8+ 21. Kf1 Qe5 22. Qf5 g6 23. Qxe5 dxe5 24. c4 Ne4 25. Ke2 f6 26. Ng2 Kf7 27. f4 Nd6 28. fxe5 fxe5 29. Ne3 Kf6 30. h4 e4 31. g5+ Ke5 32. Ng4+ Kf5 33. Nf6 h6 34. b4 hxg5 35. hxg5 b6 36. bxc5 bxc5 37. Nd7 Nxc4 38. Nxc5 Ke5 39. Ne6 Kxd5 40. Nf4+ Ke5 41. Nxg6+ Kf5 42. Ne7+ Kxg5 43. Nc6 a5 44. Nd4 Kf6 45. Kd1 Ke5 46. Nb5 Nd6 47. Nc3 Kd4 48. Kc2 Nf5 49. Kb3 e3 50. Ne2+ Kd3 51. Nf4+ Ke4 52. Ng2 e2 53. Ka4 Nh4 54. Ne1 Ke3 55. Nc2+ Kd2 56. Kb3 a4+ 57. Kb2 a3+ 58. Kb3 Nf3 0-1

[Event "HUN-chT2 Barcza 0910"]
[Site "Hungary"]
[Date "2010.04.11"]
[Round "9.3"]
[White "Horvath, Karoly"]
[Black "Herczeg, Tibor"]
[Result "1-0"]
[WhiteElo "2203"]
[BlackElo "2150"]
[PlyCount "107"]
[EventDate "2009.11.08"]
[EventType "team-tourn"]
[EventRounds "11"]
[EventCountry "HUN"]
[SourceTitle "EXT 2011"]
[Source "ChessBase"]
[SourceDate "2010.11.26"]
[SourceVersion "1"]
[SourceVersionDate "2010.11.26"]
[SourceQuality "1"]
[WhiteTeam "Debrecen Sakkbaratok"]
[BlackTeam "SSASSE"]
[WhiteTeamCountry "HUN"]
[BlackTeamCountry "HUN"]

1. e4 c5 2. Nf3 Nc6 3. c3 d5 4. exd5 Qxd5 5. d4 e6 6. Be3 cxd4 7. cxd4 Bb4+ 8. Nc3 Nf6 9. Bd3 e5 10. dxe5 Nxe5 11. Nxe5 Bxc3+ 12. bxc3 Qxe5 13. 0-0 Ng4 14. Qa4+ Bd7 15. Qf4 0-0 16. h3 Qxf4 17. Bxf4 Nf6 18. Be5 Rac8 19. Rab1 Bc6 20. Bxf6 gxf6 21. Rb4 Rfd8 22. Rg4+ Kh8 23. Bb1 Rg8 24. Bf5 Rxg4 25. hxg4 Rd8 26. Re1 Re8 27. Rxe8+ Bxe8 28. f3 Bc6 29. Kf2 Kg7 30. Ke3 h6 31. Kd4 Kf8 32. Be4 Ke7 33. Bd5 Bxd5 34. Kxd5 Kd7 35. Ke4 Ke6 36. c4 b6 37. Kf4 a6 38. Ke4 f5+ 39. gxf5+ Kd6 40. g4 f6 41. f4 b5 42. cxb5 axb5 43. Kd4 Kc6 44. Ke4 Kd6 45. a3 Kc6 46. g5 hxg5 47. fxg5 fxg5 48. f6 Kd6 49. Kf5 g4 50. Kxg4 Ke6 51. Kg5 Kf7 52. Kf5 Kf8 53. Ke6 Ke8 54. Kd5 1-0

[Event "HUN-chT2 Maroczy 0809"]
[Site "Hungary"]
[Date "2009.02.22"]
[Round "8"]
[White "Dory, Jeno"]
[Black "Horvath, Karoly"]
[Result "1/2-1/2"]
[WhiteElo "2312"]
[BlackElo "2237"]
[PlyCount "67"]
[EventDate "2008.10.26"]
[EventType "team-tourn"]
[EventRounds "11"]
[EventCountry "HUN"]
[SourceTitle "EXT 2010"]
[Source "ChessBase"]
[SourceDate "2010.11.25"]
[SourceVersion "1"]
[SourceVersionDate "2010.11.25"]
[SourceQuality "1"]
[WhiteTeam "Dunaharaszti"]
[BlackTeam "Hajduboszormeny"]
[WhiteTeamCountry "HUN"]
[BlackTeamCountry "HUN"]

1. e4 Nc6 2. d4 d5 3. e5 Bf5 4. c3 f6 5. f4 Qd7 6. Ne2 e6 7. Ng3 Bg6 8. Be2 Nge7 9. exf6 gxf6 10. Nh5 Ng8 11. 0-0 0-0-0 12. Nd2 Bxh5 13. Bxh5 f5 14. b4 Nf6 15. b5 Nb8 16. a4 Rg8 17. Bf3 h5 18. Nb3 h4 19. Be3 Ne4 20. Bxe4 fxe4 21. Qe2 Qg7 22. a5 Bd6 23. Rac1 Qg4 24. Qxg4 Rxg4 25. Nc5 Bxc5 26. dxc5 h3 27. g3 Rf8 28. Bd4 c6 29. b6 a6 30. Be5 Nd7 31. Bd6 Rf7 32. c4 Rf5 33. cxd5 exd5 34. Kf2 1/2-1/2

[Event "HUN-chT2 Maroczy 0809"]
[Site "Hungary"]
[Date "2008.10.26"]
[Round "1"]
[White "Halasz, Tamas"]
[Black "Horvath, Karoly"]
[Result "1/2-1/2"]
[WhiteElo "2341"]
[BlackElo "2237"]
[PlyCount "43"]
[EventDate "2008.10.26"]
[EventType "team-tourn"]
[EventRounds "11"]
[EventCountry "HUN"]
[SourceTitle "EXT 2010"]
[Source "ChessBase"]
[SourceDate "2010.11.25"]
[SourceVersion "1"]
[SourceVersionDate "2010.11.25"]
[SourceQuality "1"]
[WhiteTeam "Miskolc EMSE"]
[BlackTeam "Hajduboszormeny"]
[WhiteTeamCountry "HUN"]
[BlackTeamCountry "HUN"]

1. d4 d5 2. Nf3 Nf6 3. c4 dxc4 4. e3 e6 5. Bxc4 c5 6. 0-0 a6 7. Bd3 b5 8. dxc5 Bxc5 9. a3 Bb7 10. b4 Bd6 11. Bb2 0-0 12. Nc3 Qe7 13. e4 Nbd7 14. Qe2 Ng4 15. Rad1 Rac8 16. Bb1 Rfd8 17. Rd3 Bb8 18. Rfd1 Ba7 19. Rf1 Bb8 20. Rfd1 Ba7 21. Rf1 Bb8 22. Rfd1 1/2-1/2